[Event "SR 2. liga A 2007/2008"]
[Site "?"]
[Date "2007.10.07"]
[Round "2.7"]
[White "Raczko, Peter"]
[Black "Furjel, Andrej"]
[Result "1/2-1/2"]
[WhiteElo "2012"]
[BlackElo "2033"]
[PlyCount "85"]
[EventDate "2007.??.??"]

1. e4 c5 2. c3 e6 3. d4 d5 4. e5 Nc6 5. Nf3 Qb6 6. a3 a5 7. Bd3 Bd7 8. Bc2 c4
9. Nbd2 Nge7 10. Rb1 Ng6 11. Nf1 Qc7 12. Ne3 b5 13. Bd2 Be7 14. Ra1 O-O 15. O-O
b4 16. axb4 axb4 17. Bxg6 hxg6 18. Qe2 bxc3 19. Bxc3 Rfb8 20. Nc2 Na7 21. Rfb1
Nb5 22. Rxa8 Rxa8 23. Ra1 Rxa1+ 24. Nxa1 Qa7 25. Nc2 Nxc3 26. bxc3 Qa2 27. Qd2
Qb3 28. Nfe1 Ba4 29. Kf1 Kf8 30. Ke2 Ke8 31. Ne3 Qb1 32. N3c2 Bxc2 33. Qxc2 Qa1
34. f4 Bd8 35. Kd2 Kf8 36. Qc1 Qa2+ 37. Qc2 Qa1 38. Qc1 Qa2+ 39. Qc2 Qa6 40.
Qb2 Bb6 41. Nc2 Kg8 42. Qa3 Qxa3 43. Nxa3 1/2-1/2

[Event "SR 2. liga A 2007/2008"]
[Site "?"]
[Date "2007.10.07"]
[Round "2.7"]
[White "Slamena, Michal"]
[Black "Michal, Silvio"]
[Result "0-1"]
[WhiteElo "1944"]
[BlackElo "2083"]
[PlyCount "82"]
[EventDate "2007.??.??"]

1. d4 Nf6 2. c4 c5 3. Nf3 cxd4 4. Nxd4 e5 5. Nb5 Qb6 6. Be3 Bb4+ 7. N1c3 Qc6 8.
Qb3 Na6 9. a3 Bc5 10. Rd1 O-O 11. Bxc5 Nxc5 12. Qc2 Nce4 13. Nd5 Nxd5 14. Rxd5
a6 15. Qxe4 axb5 16. e3 d6 17. cxb5 Qc1+ 18. Rd1 Qxb2 19. Bd3 g6 20. O-O Rxa3
21. Bc4 Bf5 22. Qxb7 Rc3 23. Bd5 Bd3 24. Rfe1 Qxb5 25. e4 Qc5 26. Qe7 Kg7 27.
Qg5 Bc2 28. Rc1 Qd4 29. h4 Rfc8 30. h5 h6 31. Qe7 R8c7 32. Qxd6 gxh5 33. Ra1
Ba4 34. Rxa4 Qxa4 35. Qxe5+ f6 36. Qe6 Rc8 37. Qf7+ Kh8 38. Qxf6+ Kh7 39. Qf7+
Kh8 40. Qf6+ Kh7 41. Bf7 Rg8 0-1

[Event "SR 2. liga A 2007/2008"]
[Site "?"]
[Date "2007.10.07"]
[Round "2.7"]
[White "Zitniak, Jozef"]
[Black "Nagy, Attilla"]
[Result "0-1"]
[WhiteElo "1992"]
[BlackElo "2184"]
[PlyCount "96"]
[EventDate "2007.??.??"]

{B07: Pirc Defence: Miscellaneous Systems} 1. e4 c5 2. Nf3 Nc6 3. c3 Nf6 4. e5
Nd5 5. d4 cxd4 6. cxd4 d6 7. exd6 Qxd6 8. Nc3 Bg4 9. Be2 e6 10. a3 Be7 11. h3
Bh5 12. O-O O-O 13. Be3 Rac8 14. Nd2 Bxe2 15. Qxe2 Rfd8 16. Nde4 Nxc3 17. bxc3
Qd5 18. f3 Na5 19. a4 f5 20. Nc5 b6 21. Nd3 Rxc3 22. Nf4 Qd7 23. Bf2 Rc6 24.
Rad1 Bg5 25. Nd3 Bf6 26. Ne5 Bxe5 27. dxe5 Qe7 28. Rxd8+ Qxd8 29. Rd1 Qc7 30.
Be1 Nc4 31. f4 h6 32. Bb4 a5 33. Be1 Qe7 34. Qd3 Nb2 35. Qd8+ Qxd8 36. Rxd8+
Kf7 37. Rd4 Rc4 38. Rxc4 Nxc4 39. Bc3 Ke7 40. Kf2 Kd7 41. Ke2 Kc6 42. Kd3 Kc5
43. h4 h5 44. g3 g6 45. Kc2 Ne3+ 46. Kd3 Nf1 47. Be1 b5 48. axb5 Kxb5 0-1

[Event "SR 2. liga A 2007/2008"]
[Site "?"]
[Date "2007.10.07"]
[Round "2.8"]
[White "Janko, Michal"]
[Black "Sosovicka, Vladimir"]
[Result "1-0"]
[WhiteElo "2143"]
[BlackElo "1350"]
[PlyCount "45"]
[EventDate "2007.??.??"]

{B07: Pirc Defence: Miscellaneous Systems} 1. e4 c5 2. Nf3 Nc6 3. d4 cxd4 4.
Nxd4 g6 5. Be2 Bg7 6. Nb3 d6 7. O-O Nf6 8. Nc3 O-O 9. Be3 b6 10. f4 Bb7 11. Bf3
Qc7 12. g4 Rad8 13. g5 Nd7 14. Nd5 Qc8 15. Nd4 Rde8 16. c3 Nxd4 17. cxd4 Bxd5
18. exd5 f6 19. Qa4 Qb7 20. Be2 Rc8 21. Ba6 Qxd5 22. Bxc8 Rxc8 23. Qxd7 1-0

[Event "SR 2. liga A 2007/2008"]
[Site "?"]
[Date "2007.10.07"]
[Round "2.8"]
[White "Karlik, Lukas"]
[Black "Kolesar, Rastislav"]
[Result "0-1"]
[WhiteElo "1839"]
[BlackElo "1910"]
[PlyCount "78"]
[EventDate "2007.??.??"]

1. d4 d5 2. Nf3 Nf6 3. e3 c6 4. Bd3 Bg4 5. h3 Bh5 6. g4 Bg6 7. Nc3 e6 8. Bd2
Nbd7 9. Qe2 Qc7 10. O-O-O O-O-O 11. Bxg6 hxg6 12. Ng5 Nb6 13. f4 Nc4 14. Qd3
Bb4 15. Nb1 Bd6 16. Bc3 Nxe3 17. Nxf7 Nxd1 18. Nxd6+ Qxd6 19. Rxd1 Qxf4+ 20.
Bd2 Qd6 21. Bg5 Rdf8 22. Nc3 Nh7 23. Bd2 Rf2 24. Qxg6 Nf8 25. Qxg7 Rxh3 26. g5
Rhh2 27. Nb1 Rh7 28. Qg8 Qe7 29. g6 Rg7 30. Qh8 Rxg6 31. Be3 Re2 32. Rf1 Rxe3
33. Rxf8+ Kc7 34. b3 Qg7 35. Qh2+ Kb6 36. Rf4 Rg2 37. Qh5 Ree2 38. Na3 Qg6 39.
Nc4+ Ka6 0-1

[Event "SR 2. liga A 2007/2008"]
[Site "?"]
[Date "2007.10.07"]
[Round "2.8"]
[White "Kollarik, Gorazd"]
[Black "Srna, Jan"]
[Result "1/2-1/2"]
[WhiteElo "1972"]
[BlackElo "2017"]
[PlyCount "83"]
[EventDate "2007.??.??"]

1. e4 e6 2. d4 d5 3. Nc3 Bb4 4. e5 c5 5. Nf3 Nc6 6. Bb5 Qb6 7. Bxc6+ bxc6 8.
O-O cxd4 9. Qxd4 Qxd4 10. Nxd4 Ne7 11. Bg5 Bd7 12. a3 Ba5 13. Na4 Ng6 14. Nf3
Bc7 15. Rfe1 Bd8 16. Bxd8 Rxd8 17. Nc5 Rc8 18. Re3 Rb8 19. Rb3 Ke7 20. Rxb8
Rxb8 21. b4 Be8 22. Re1 Nf8 23. Nd4 Rb6 24. Re3 Nd7 25. Ndb3 Rb8 26. f4 Nb6 27.
Na5 Bd7 28. Rc3 Be8 29. g4 Rc8 30. Kg2 f6 31. Re3 Bf7 32. Kg3 fxe5 33. Rxe5 Nd7
34. Nxd7 Kxd7 35. Nb3 Kd6 36. Nc5 Rc7 37. Rg5 g6 38. Re5 a5 39. c3 axb4 40.
axb4 Ra7 41. Re3 Ra3 42. Kf3 1/2-1/2

[Event "SR 2. liga A 2007/2008"]
[Site "?"]
[Date "2007.10.07"]
[Round "2.8"]
[White "Michalko, Peter"]
[Black "Hecht, Tomas"]
[Result "0-1"]
[WhiteElo "1631"]
[BlackElo "1986"]
[PlyCount "92"]
[EventDate "2007.??.??"]

1. e4 c5 2. Nf3 Nc6 3. d4 cxd4 4. Nxd4 g6 5. c4 Bg7 6. Be3 Nf6 7. Nc3 Ng4 8.
Qxg4 Nxd4 9. Qd1 e5 10. Bd3 O-O 11. O-O d6 12. Rc1 f5 13. Bxd4 exd4 14. Nd5 f4
15. Qf3 Qg5 16. Be2 h5 17. Qb3 Bg4 18. Bxg4 hxg4 19. Nc7 f3 20. Nxa8 fxg2 21.
Kxg2 Be5 22. c5+ Kh8 23. cxd6 Qh4 24. h3 d3 25. Qxd3 Rf3 26. Qxf3 gxf3+ 27.
Kxf3 Qf4+ 28. Kg2 Bxd6 29. Rc8+ Kg7 30. Rfc1 Qh2+ 31. Kf3 Qxh3+ 32. Ke2 Qg4+
33. f3 Qg2+ 34. Ke3 g5 35. R1c7+ Kf6 36. e5+ Kxe5 37. Rxb7 Qg1+ 38. Ke2 Kf4 39.
Rc4+ Kf5 40. Rb5+ Ke6 41. Re4+ Kd7 42. Rd5 Kc6 43. Rdd4 Qg2+ 44. Kd3 Qxf3+ 45.
Kc2 Kb7 46. Re8 Qc6+ 0-1

[Event "SR 2. liga A 2007/2008"]
[Site "?"]
[Date "2007.10.07"]
[Round "2.8"]
[White "Stepanovic, Branislav"]
[Black "Jelenciak, Jozef"]
[Result "1/2-1/2"]
[WhiteElo "2024"]
[BlackElo "1954"]
[PlyCount "107"]
[EventDate "2007.??.??"]

1. e4 Nf6 2. e5 Nd5 3. c4 Nb6 4. c5 Nd5 5. Bc4 c6 6. Nc3 d6 7. Nxd5 cxd5 8.
Bb5+ Nc6 9. cxd6 exd6 10. exd6 Bxd6 11. Nf3 O-O 12. O-O Bg4 13. h3 Bh5 14. Be2
Bg6 15. d4 Bc7 16. a3 Re8 17. b4 Qd6 18. b5 Nxd4 19. Qxd4 Rxe2 20. Qb4 Qd7 21.
Rd1 Bb6 22. Nd4 Re4 23. Bb2 Rc8 24. Rac1 Rxc1 25. Rxc1 f5 26. a4 f4 27. f3 Re8
28. a5 Bc7 29. b6 axb6 30. axb6 Bd6 31. Qb3 Bf7 32. Qd3 Rc8 33. Rxc8+ Qxc8 34.
Nf5 Bf8 35. Kh2 Qc4 36. Qd2 Qb5 37. Qd4 Qd7 38. Nxg7 Bg6 39. Nh5 Bxh5 40. Qh8+
Kf7 41. Qxh7+ Ke8 42. Qxh5+ Qf7 43. Qe5+ Be7 44. Qb8+ Bd8 45. Be5 Qe7 46. Bxf4
d4 47. Bc7 d3 48. Bxd8 Qxd8 49. Qe5+ Kf7 50. Qf4+ Ke8 51. Qd2 Qd4 52. Kg3 Kd7
53. f4 Kc6 54. f5 1/2-1/2

[Event "SR 2. liga A 2007/2008"]
[Site "?"]
[Date "2007.11.03"]
[Round "3"]
[White "Biro, Karol"]
[Black "Fabry, Robert"]
[Result "1-0"]
[WhiteElo "2188"]
[BlackElo "2209"]
[PlyCount "115"]
[EventDate "2007.??.??"]

1. c4 c5 2. Nc3 Nc6 3. Nf3 Nf6 4. d4 cxd4 5. Nxd4 Qb6 6. Nc2 g6 7. e4 Bg7 8.
Be2 O-O 9. O-O d6 10. b3 Be6 11. Be3 Qa5 12. Bd2 Qb6 13. Rc1 Nd7 14. Be3 Qa5
15. Nd4 Nxd4 16. Bxd4 Bxd4 17. Qxd4 Qc5 18. Qd2 Rac8 19. Nb5 a6 20. Nd4 Nf6 21.
Qe3 Bd7 22. f3 Rfd8 23. Rfd1 e5 24. Nc2 Qxe3+ 25. Nxe3 Be6 26. Rc2 Kf8 27. Bf1
Ke7 28. g3 Nd7 29. f4 f6 30. f5 Bf7 31. fxg6 hxg6 32. Bh3 Rc6 33. Rf2 Nc5 34.
Bg2 Be6 35. h4 b5 36. b4 Na4 37. cxb5 axb5 38. Kh2 Nc3 39. Rdf1 d5 40. Rxf6 d4
41. Ng4 Bxg4 42. Rxc6 Be2 43. Rc1 Nxa2 44. Rc7+ Rd7 45. Rxd7+ Kxd7 46. Rc2 Nc3
47. Kg1 Bd3 48. Rd2 Bb1 49. g4 Ke6 50. h5 gxh5 51. gxh5 Nxe4 52. Bxe4 Bxe4 53.
Rf2 Bh7 54. h6 e4 55. Rg2 e3 56. Kf1 d3 57. Rg3 e2+ 58. Ke1 1-0

[Event "SR 2. liga A 2007/2008"]
[Site "?"]
[Date "2007.11.03"]
[Round "3"]
[White "Farkas, Vladimir"]
[Black "Hebelka, Milos"]
[Result "0-1"]
[WhiteElo "2076"]
[BlackElo "2121"]
[PlyCount "66"]
[EventDate "2007.??.??"]

1. Nf3 b6 2. g3 Bb7 3. Bg2 e6 4. O-O Nf6 5. d3 d5 6. Nbd2 Be7 7. c3 O-O 8. Qc2
c5 9. e4 Nc6 10. a3 Rc8 11. Re1 Re8 12. Nb3 h6 13. Bd2 a5 14. Rad1 a4 15. Nc1
b5 16. Ne2 Qc7 17. exd5 Nxd5 18. c4 bxc4 19. dxc4 Nf6 20. Qxa4 e5 21. Nh4 Nd4
22. Nxd4 cxd4 23. Bxb7 Qxb7 24. Qc2 e4 25. b4 Bf8 26. Qb3 g5 27. Ng2 Ng4 28.
Bc1 Ne5 29. Rf1 Nf3+ 30. Kh1 d3 31. Ne1 e3 32. Nxf3 Qxf3+ 33. Kg1 e2 0-1

[Event "SR 2. liga A 2007/2008"]
[Site "?"]
[Date "2007.11.03"]
[Round "3"]
[White "Janos, Jozef"]
[Black "Todor, Razvan"]
[Result "1/2-1/2"]
[WhiteElo "2256"]
[BlackElo "2198"]
[PlyCount "147"]
[EventDate "2007.??.??"]

1. d4 Nf6 2. Nf3 g6 3. c4 Bg7 4. Nc3 d5 5. e3 O-O 6. Qb3 c6 7. Be2 dxc4 8. Bxc4
b5 9. Be2 Be6 10. Qc2 b4 11. Na4 Bd5 12. O-O Nbd7 13. Rd1 Qa5 14. Nd2 Rac8 15.
Nc4 Qc7 16. Bd2 c5 17. dxc5 Nxc5 18. Nxc5 Qxc5 19. Rac1 Qc6 20. f3 Qb7 21. Qa4
Rb8 22. Na5 Qb6 23. Bc4 e6 24. Bxd5 Nxd5 25. Rc6 Qb5 26. Qxb5 Rxb5 27. Ra6 Bxb2
28. Rxa7 Rd8 29. Nc6 Rc8 30. Ne7+ Nxe7 31. Rxe7 Rd8 32. Kf1 Rbd5 33. Ke2 Bc3
34. Bxc3 Rxd1 35. Bxb4 Rg1 36. Kf2 Rb1 37. a3 Rb2+ 38. Kg3 h5 39. h4 Rc8 40.
Kf4 Rxg2 41. e4 Rb2 42. Rd7 Rb8 43. Kg3 R2xb4 44. axb4 Rxb4 45. Kf4 Kg7 46. Ra7
Kf6 47. Kg3 Rb1 48. Ra5 Re1 49. Ra6 g5 50. hxg5+ Kxg5 51. Ra5+ Kg6 52. Rb5 Rg1+
53. Kf4 f6 54. Rb8 e5+ 55. Ke3 Rg5 56. Kf2 Kh7 57. Rb7+ Kh6 58. Rb8 Kh7 59.
Rb7+ Rg7 60. Rb1 Kh6 61. Rh1 Rg8 62. Rh2 Ra8 63. Rh1 Ra2+ 64. Kg3 Kg5 65. Rh3
Ra3 66. Rh1 h4+ 67. Kf2 Ra2+ 68. Ke3 Rg2 69. Ra1 h3 70. Ra8 Kh4 71. Rh8+ Kg3
72. Rg8+ Kh2 73. Rh8 Ra2 74. Rh6 1/2-1/2

[Event "SR 2. liga A 2007/2008"]
[Site "?"]
[Date "2007.11.03"]
[Round "3"]
[White "Kolman, Richard"]
[Black "Hazir, Svetozar"]
[Result "0-1"]
[WhiteElo "2103"]
[BlackElo "2130"]
[PlyCount "84"]
[EventDate "2007.??.??"]

1. d4 Nf6 2. Nf3 g6 3. Bf4 Bg7 4. e3 O-O 5. Be2 d6 6. O-O h6 7. h3 Nbd7 8. c4
Qe8 9. Nc3 c6 10. Qc2 e5 11. Bh2 Qe7 12. Rad1 Nh7 13. dxe5 dxe5 14. Ne4 f5 15.
Nd6 c5 16. b4 b6 17. Qd2 Nhf6 18. Nh4 Kh7 19. Bf3 e4 20. Be2 cxb4 21. Qxb4 Nc5
22. Nxc8 Rfxc8 23. Bd6 Qe6 24. g3 g5 25. Ng2 Rc6 26. Bxc5 Rxc5 27. Kh2 Rac8 28.
Qa4 R8c7 29. Rd8 Rd7 30. Rd1 Rxd8 31. Rxd8 Qe7 32. Qd1 Rc7 33. Ne1 Nd7 34. Ra8
Ne5 35. Qd5 Rd7 36. Qg8+ Kg6 37. Nc2 Qf7 38. Qc8 f4 39. Nd4 fxg3+ 40. fxg3 Qf2+
41. Kh1 Rf7 42. Qe6+ Kh7 0-1

[Event "SR 2. liga A 2007/2008"]
[Site "?"]
[Date "2007.11.03"]
[Round "3"]
[White "Milanov, Jasen"]
[Black "Krajnak, Robert"]
[Result "1-0"]
[WhiteElo "1970"]
[BlackElo "2118"]
[PlyCount "75"]
[EventDate "2007.??.??"]

1. c4 c5 2. Nc3 Nf6 3. e4 d6 4. g3 g6 5. Bg2 Bg7 6. Nge2 Nc6 7. O-O a6 8. d3
Rb8 9. f4 Bg4 10. h3 Bxe2 11. Nxe2 Nd7 12. Rb1 b5 13. b3 O-O 14. Be3 Nd4 15.
Qd2 b4 16. Kh2 a5 17. Ng1 a4 18. Nf3 Ra8 19. Bxd4 cxd4 20. Qxb4 Nc5 21. Qd2
axb3 22. axb3 Ra3 23. Qc2 Qa8 24. Rfd1 Rb8 25. e5 Ra2 26. Rb2 Rxb2 27. Qxb2
dxe5 28. Nxe5 Qa6 29. b4 Bxe5 30. fxe5 Qa4 31. Rb1 Nxd3 32. Qxd4 Nxb4 33. c5
Qa5 34. Qc3 Kg7 35. c6 Qa4 36. c7 Na2 37. Rxb8 Nxc3 38. c8=Q 1-0

[Event "SR 2. liga A 2007/2008"]
[Site "?"]
[Date "2007.11.03"]
[Round "3"]
[White "Novak, Stanislav"]
[Black "Hefka, Vladimir"]
[Result "1/2-1/2"]
[WhiteElo "1999"]
[BlackElo "1998"]
[PlyCount "40"]
[EventDate "2007.??.??"]

1. e4 c5 2. Nf3 d6 3. c3 e6 4. d4 Nd7 5. Bd3 Be7 6. O-O Ngf6 7. e5 Nd5 8. Na3
cxd4 9. cxd4 Nb4 10. Bb1 d5 11. Nb5 Qb6 12. Nc3 Nc6 13. a4 a6 14. Re1 Ndb8 15.
h4 Bd7 16. Ne2 Na5 17. Bc2 Nbc6 18. b3 Nb4 19. Bb1 Nbc6 20. Bc2 Nb4 1/2-1/2

[Event "SR 2. liga A 2007/2008"]
[Site "?"]
[Date "2007.11.03"]
[Round "3"]
[White "Petrik, Karol"]
[Black "Mikulas, Dusan"]
[Result "1/2-1/2"]
[WhiteElo "2167"]
[BlackElo "2189"]
[PlyCount "130"]
[EventDate "2007.??.??"]

1. c4 e5 2. Nf3 d6 3. Nc3 Nc6 4. d4 exd4 5. Nxd4 g6 6. Nxc6 bxc6 7. Qd4 Qf6 8.
Be3 Bg7 9. Qd2 Be6 10. Bg5 Qd4 11. e4 Rb8 12. O-O-O Qxd2+ 13. Bxd2 Ne7 14. b3
O-O 15. Be2 d5 16. cxd5 cxd5 17. exd5 Nxd5 18. Nxd5 Bxd5 19. Rhg1 Be6 20. Kc2
Rb6 21. Bd3 Rd8 22. Bc3 Rxd3 23. Rxd3 Bf5 24. Rgd1 Rd6 25. Bxg7 Kxg7 26. Kc3
Rc6+ 27. Kb2 Bxd3 28. Rxd3 Re6 29. Rc3 Re7 30. Rc2 Kf8 31. Ka3 Ke8 32. Kb4 Kd7
33. Kb5 Re6 34. Rd2+ Kc8 35. f4 Kb7 36. Kc5 Rf6 37. Rf2 Rf5+ 38. Kd4 Kc6 39. g4
Rd5+ 40. Ke3 h5 41. h3 Rc5 42. Kd4 Rd5+ 43. Ke4 hxg4 44. hxg4 f5+ 45. gxf5
gxf5+ 46. Ke3 Rd1 47. Rc2+ Kd6 48. Rc4 c5 49. b4 cxb4 50. Rxb4 Kc6 51. Ra4 Kb6
52. Rd4 Ra1 53. Rd6+ Kb5 54. Rd2 a5 55. Kd4 Re1 56. Kd5 Re4 57. Rd4 Rxd4+ 58.
Kxd4 Kb4 59. Ke5 Ka3 60. Kxf5 Kxa2 61. Ke4 Kb2 62. f5 a4 63. f6 a3 64. f7 a2
65. f8=Q a1=Q 1/2-1/2

[Event "SR 2. liga A 2007/2008"]
[Site "?"]
[Date "2007.11.03"]
[Round "3"]
[White "Tepper, Frantisek"]
[Black "Petrik, Stanislav"]
[Result "1-0"]
[WhiteElo "2164"]
[BlackElo "2223"]
[PlyCount "115"]
[EventDate "2007.??.??"]

1. e4 c5 2. Nf3 Nc6 3. Bb5 g6 4. O-O Bg7 5. Re1 Nf6 6. c3 O-O 7. d3 d6 8. Nbd2
Na5 9. Nf1 a6 10. Ba4 b5 11. Bc2 e5 12. Ng3 h6 13. h3 Kh7 14. Be3 Be6 15. b3
Qc7 16. d4 Rac8 17. d5 Bd7 18. Qd2 c4 19. b4 Nb7 20. a4 Ra8 21. a5 Rae8 22. Kh2
Rh8 23. Rf1 g5 24. Ng1 Qd8 25. Rae1 Reg8 26. f4 gxf4 27. Rxf4 Bf8 28. Rf2 Rg6
29. Ref1 Rhg8 30. N1e2 Kh8 31. Rf3 Bg4 32. Rxf6 Bxe2 33. Rxg6 Bxf1 34. Rxg8+
Kxg8 35. Nxf1 Qh4 36. Qf2 Qh5 37. Qf3 Qg6 38. Qg3 Nd8 39. Bb6 Be7 40. h4 Kf8
41. Qxg6 fxg6 42. Kh3 Ke8 43. Be3 Nf7 44. Bd1 Kd8 45. Be2 Kc7 46. Bg4 g5 47. g3
Nd8 48. hxg5 hxg5 49. Bh5 Nb7 50. Bb6+ Kb8 51. Kg4 Nc5 52. bxc5 dxc5 53. Ne3
Kb7 54. Be8 Kb8 55. Kf5 g4 56. Kxg4 Bf8 57. Kf5 Bh6 58. d6 1-0

[Event "SR 2. liga A 2007/2008"]
[Site "?"]
[Date "2007.11.03"]
[Round "3.1"]
[White "Cvicela, Anton"]
[Black "Schwarz, Dusan"]
[Result "1/2-1/2"]
[WhiteElo "2251"]
[BlackElo "2284"]
[PlyCount "128"]
[EventDate "2007.??.??"]

1. e4 e5 2. Nf3 Nc6 3. Nc3 Nf6 4. d4 Bb4 5. Nxe5 O-O 6. Qd3 Re8 7. Nxc6 bxc6 8.
Bg5 h6 9. Bxf6 Qxf6 10. Be2 Qg6 11. O-O d5 12. f3 Bh3 13. Rf2 Rad8 14. f4 dxe4
15. Qxh3 e3 16. Rff1 Qxc2 17. Qf3 Qxb2 18. Na4 Qa3 19. Qxc6 Re6 20. Qxc7 Rxd4
21. f5 Red6 22. Bc4 Rd7 23. Qc8+ Kh7 24. Qe8 e2 25. Qxe2 Rd2 26. Qe4 Qxa4 27.
f6+ g6 28. Kh1 Bc3 29. Rac1 R2d4 30. Qf3 Rxc4 31. Rxc3 Rxc3 32. Qxc3 Qxa2 33.
h3 Qa6 34. Ra1 Qd6 35. Rf1 h5 36. Ra1 Qc7 37. Qxc7 Rxc7 38. Ra6 g5 39. Kg1 Kg6
40. Kf2 Kf5 41. Kf3 Ke5 42. g3 Rb7 43. Ke3 g4 44. hxg4 hxg4 45. Kf2 Rb2+ 46.
Ke3 Rb7 47. Kf2 Kd5 48. Ke3 Kc5 49. Kf4 Kb5 50. Ra1 a5 51. Kxg4 a4 52. Kg5 Rb6
53. Rf1 a3 54. Kh6 Kc4 55. Kg7 Rb7 56. Rf4+ Kb3 57. g4 a2 58. Rf1 Kc4 59. Ra1
Kb3 60. g5 Kb2 61. Rh1 a1=Q 62. Rxa1 Kxa1 63. g6 fxg6+ 64. Kxg6 Rb6 1/2-1/2

[Event "SR 2. liga A 2007/2008"]
[Site "?"]
[Date "2007.11.03"]
[Round "3.1"]
[White "Likavsky, Tomas"]
[Black "Janos, Martin"]
[Result "1-0"]
[WhiteElo "2494"]
[BlackElo "2259"]
[PlyCount "41"]
[EventDate "2007.??.??"]

1. d4 c5 2. d5 e5 3. e4 d6 4. Nc3 Ne7 5. Nf3 g6 6. a4 Bg7 7. h4 Bg4 8. Be2 Nd7
9. Nd2 Bxe2 10. Qxe2 a6 11. a5 Qc7 12. Nc4 O-O 13. h5 b5 14. axb6 Nxb6 15. Nd2
Qc8 16. g4 f5 17. hxg6 hxg6 18. gxf5 gxf5 19. Qh5 Nd7 20. Qh7+ Kf7 21. Nc4 1-0

[Event "SR 2. liga A 2007/2008"]
[Site "?"]
[Date "2007.11.03"]
[Round "3.1"]
[White "Rachela, Milan"]
[Black "Vass, Frantisek"]
[Result "0-1"]
[WhiteElo "2312"]
[BlackElo "2417"]
[PlyCount "80"]
[EventDate "2007.??.??"]

1. Nf3 d5 2. c4 e6 3. b3 Nf6 4. g3 b6 5. Bg2 Bb7 6. O-O Nbd7 7. Nc3 c5 8. e3 a6
9. cxd5 Nxd5 10. Nxd5 Bxd5 11. Bb2 Nf6 12. d3 Be7 13. Qe2 O-O 14. Rfd1 b5 15.
e4 Bb7 16. d4 cxd4 17. Bxd4 Qa5 18. Bxf6 Bxf6 19. e5 Be7 20. Rd7 Bd5 21. Rd1
Qa3 22. Nd4 Rad8 23. Rxd5 exd5 24. Nc6 Rde8 25. Bxd5 Kh8 26. Kg2 Bc5 27. Rd3
Bb6 28. b4 Qc1 29. Rf3 Rc8 30. Qe4 Qh6 31. Rf4 g5 32. Rf6 Qg7 33. h3 Bd8 34.
Nxd8 Rcxd8 35. Qf3 Rd7 36. e6 Rxd5 37. Rxf7 Rxf7 38. Qxd5 Rf8 39. Qe4 Qf6 40.
Qe3 Re8 0-1

[Event "SR 2. liga A 2007/2008"]
[Site "?"]
[Date "2007.11.03"]
[Round "3.1"]
[White "Tibensky, Robert"]
[Black "Abel, Peter"]
[Result "1-0"]
[WhiteElo "2431"]
[BlackElo "2205"]
[PlyCount "66"]
[EventDate "2007.??.??"]
[TimeControl "240+2"]

{74MB, Hiarcs10.ctg} 1. d4 Nf6 2. Nf3 d5 3. c4 e6 4. g3 Nbd7 5. Bg2 c6 6. O-O
Bd6 7. b3 O-O 8. Bb2 Qc7 9. Nc3 Rd8 10. Qc2 b6 11. Nd2 Bb7 12. e4 dxe4 13.
Ndxe4 Bb4 14. a3 Bxc3 15. Nxc3 Nf8 16. Rfe1 Rd7 17. Nd1 Rc8 18. Ne3 Qd8 19. Bh3
Rcc7 20. Rad1 Rd6 21. a4 N8d7 22. Bg2 Nf8 23. Bc3 Rdd7 24. Bh3 Ng6 25. f4 Re7
26. Rf1 Re8 27. f5 exf5 28. Nxf5 Ne4 29. Bb2 Bc8 30. Bg2 Bxf5 31. Rxf5 Nd6 32.
Rf2 Qg5 33. Ba3 Nf5 1-0

[Event "SR 2. liga A 2007/2008"]
[Site "?"]
[Date "2007.11.03"]
[Round "3.2"]
[White "Balogh, Tomas"]
[Black "Varga, David"]
[Result "1-0"]
[WhiteElo "2362"]
[BlackElo "2293"]
[PlyCount "67"]
[EventDate "2007.??.??"]

1. d4 e6 2. c4 Nf6 3. Nf3 b6 4. e3 Bb7 5. Nbd2 c5 6. b3 cxd4 7. exd4 Bb4 8. Bb2
d5 9. a3 Bd6 10. Bd3 O-O 11. O-O Nbd7 12. Re1 Rc8 13. Ne5 dxc4 14. Ndxc4 Bb8
15. a4 Nd5 16. Ba3 Nxe5 17. dxe5 Qg5 18. Qf3 Rfd8 19. Be4 Ba6 20. Rad1 Bxc4 21.
bxc4 Rxc4 22. Bxh7+ Kh8 23. Be4 Rc3 24. Rd3 Rxd3 25. Bxd3 Nf4 26. Bf1 Qf5 27.
g4 Qg5 28. h4 Qh6 29. Be7 Rd4 30. Bg5 Qh7 31. Bxf4 Qxh4 32. Bg3 Rxg4 33. Bg2
Qh5 34. Qa8 1-0

[Event "SR 2. liga A 2007/2008"]
[Site "?"]
[Date "2007.11.03"]
[Round "3.2"]
[White "Kovacova, Zuzana"]
[Black "Pagerka, Martin"]
[Result "1/2-1/2"]
[WhiteElo "2108"]
[BlackElo "2099"]
[PlyCount "130"]
[EventDate "2007.??.??"]

1. e4 c5 2. Nc3 e6 3. g3 Nc6 4. Bg2 g6 5. d3 Bg7 6. Be3 d6 7. Qd2 a6 8. Nh3 Nd4
9. O-O Nf6 10. f3 O-O 11. Nd1 e5 12. c3 Nc6 13. Bh6 d5 14. Bxg7 Kxg7 15. Qf2 d4
16. Qc2 Qd6 17. f4 Rd8 18. c4 b5 19. Rc1 Nb4 20. Qb3 a5 21. cxb5 Be6 22. Qa3
Bd7 23. Ndf2 Bxb5 24. Ng5 Rf8 25. Nf3 Nd7 26. f5 Qa6 27. Rfd1 c4 28. dxc4 Bxc4
29. b3 Be2 30. Rd2 Rfc8 31. Re1 Nc2 32. Rxc2 Rxc2 33. Qe7 Bxf3 34. Bxf3 Qc6 35.
Ng4 Nf6 36. Nxe5 Qe8 37. Qxe8 Nxe8 38. Nc4 Rd8 39. Nxa5 d3 40. a4 d2 41. Rd1
gxf5 42. exf5 Nd6 43. Kf2 Nxf5 44. Nc4 Ra2 45. Be4 Nd6 46. Bd5 Nxc4 47. Bxc4
Kf6 48. Ke2 h6 49. Bd3 Re8+ 50. Kf2 Re1 51. Be2 Rxd1 52. Bxd1 Rb2 53. Ke2 Ke5
54. Kd3 Kd5 55. h3 Kc5 56. Kc3 Rb1 57. Kc2 Ra1 58. Kxd2 Kb4 59. g4 f6 60. h4
Rb1 61. h5 Ra1 62. Bc2 Rg1 63. Bd1 Rg2+ 64. Ke3 Rg1 65. Kd2 Rg2+ 1/2-1/2

[Event "SR 2. liga A 2007/2008"]
[Site "?"]
[Date "2007.11.03"]
[Round "3.2"]
[White "Mihalik, Marek"]
[Black "Maslik, Miroslav"]
[Result "0-1"]
[WhiteElo "2111"]
[BlackElo "2298"]
[PlyCount "156"]
[EventDate "2007.??.??"]
[TimeControl "240+2"]

{74MB, Hiarcs10.ctg} 1. d4 Nf6 2. c4 g6 3. Nc3 d5 4. cxd5 Nxd5 5. e4 Nxc3 6.
bxc3 Bg7 7. Be3 c5 8. Bc4 Nc6 9. Ne2 cxd4 10. cxd4 Qa5+ 11. Qd2 Qxd2+ 12. Kxd2
O-O 13. Rhd1 Na5 14. Bb5 f5 15. e5 Be6 16. Bg5 Bc4 17. Nc3 Kf7 18. Be3 Rac8 19.
Rac1 Rfd8 20. f4 g5 21. g3 gxf4 22. gxf4 Bh6 23. Ke1 a6 24. Bxc4+ Rxc4 25. Ne2
e6 26. Kf2 Bf8 27. d5 Rxd5 28. Rxd5 exd5 29. Rd1 Nc6 30. Rxd5 Ke6 31. Rd2 b5
32. Rd1 a5 33. Rc1 Rxc1 34. Bxc1 Kd5 35. Ng3 Ke6 36. Ne2 b4 37. Ke3 Kd5 38. Kd3
Bh6 39. Be3 a4 40. Ng3 Nxe5+ 41. Kc2 Ng6 42. Nxf5 Bxf4 43. Bg1 Ne5 44. h4 Nc4
45. Ne7+ Kd6 46. Nc8+ Kd5 47. Ne7+ Ke4 48. Bc5 Bd6 49. Bxd6 Nxd6 50. Nc6 Nf5
51. Nxb4 Nxh4 52. Nd3 Kd4 53. Nb2 a3 54. Nd1 Ng2 55. Kb3 Ne3 56. Nf2 Nc4 57.
Nh3 h5 58. Kb4 h4 59. Kb3 Kd3 60. Ng5 Nd6 61. Kxa3 Ne4 62. Nh3 Ke3 63. Kb4 Nf2
64. Ng1 Nd3+ 65. Kb5 Nb2 66. Kb4 Kf2 67. Nh3+ Kg3 68. Ng5 Kg4 69. Ne4 Kf4 70.
Nf2 Kf3 71. Nh3 Nd3+ 72. Kc3 Nf2 73. a4 Nxh3 74. a5 Nf4 75. Kd4 Ne6+ 76. Kd5 h3
77. Kxe6 h2 78. a6 h1=Q 0-1

[Event "SR 2. liga A 2007/2008"]
[Site "?"]
[Date "2007.11.03"]
[Round "3.2"]
[White "Pacher, Milan"]
[Black "Skreno, Vladimir"]
[Result "1-0"]
[WhiteElo "2328"]
[BlackElo "2062"]
[PlyCount "154"]
[EventDate "2007.??.??"]

1. e4 c5 2. Nf3 Nc6 3. d4 cxd4 4. Nxd4 e5 5. Nb5 a6 6. Nd6+ Bxd6 7. Qxd6 Qf6 8.
Qd1 Qg6 9. Nc3 Nge7 10. h4 h5 11. Bg5 d5 12. exd5 Nd4 13. Bd3 Bf5 14. Bxf5
Nexf5 15. Qd3 f6 16. Be3 Qg4 17. Bxd4 Nxd4 18. Ne2 Rd8 19. c4 b5 20. Nxd4 bxc4
21. Qxc4 Qe4+ 22. Qe2 Qxd4 23. O-O Qxh4 24. Qxa6 Qg4 25. Rac1 O-O 26. Rfd1 Rfe8
27. d6 e4 28. Qb7 Re5 29. Qb3+ Kh8 30. Qh3 Qe2 31. d7 Kh7 32. a4 g6 33. b4 e3
34. fxe3 Rxe3 35. Re1 Qxe1+ 36. Rxe1 Rxe1+ 37. Kh2 Re7 38. b5 Rdxd7 39. a5 Rd5
40. Qb3 Ree5 41. b6 Rxa5 42. Qf7+ Kh6 43. Qxf6 Reb5 44. Qh8+ Kg5 45. b7 Rxb7
46. Qd8+ Kh6 47. Qxa5 Rf7 48. Kh3 Rf5 49. Qc7 Rf1 50. g3 Rf5 51. Qe7 Rf3 52.
Kh2 Rf1 53. Qa7 Rf8 54. Kg1 Rf6 55. Kg2 Rf8 56. Kh3 Rf6 57. Kh4 Rf3 58. Qe7 Rf5
59. Qd7 Rf2 60. Kh3 Rf8 61. Qe7 Rf3 62. Qe5 Rf5 63. Qh8+ Kg5 64. Kg2 Rf7 65.
Qg8 Rf5 66. Qg7 Ra5 67. Qe7+ Kh6 68. Kf3 Rf5+ 69. Ke4 Rf1 70. Kd5 Rf3 71. Qe4
Rf6 72. Ke5 Rf8 73. Kd6 Rf5 74. Ke7 Kg7 75. Qd4+ Kh6 76. Qh8+ Kg5 77. Ke6 Rf3
1-0